Điểm nhìn & ngôn ngữ trong truyện kể

Giới thiệu lí thuyết về điểm nhìn. Tìm hiểu về điểm nhìn và các phương thức kể chuyện cũng như điểm nhìn trong thoại dẫn trực tiếp và gián tiếp.

Zapisane w:
Opis bibliograficzny
1. autor: Nguyễn, Thị Thu Thủy
Format: Książka
Język:Undetermined
Wydane: H. Đại học Quốc gia Hà Nội 2016
Hasła przedmiotowe:
Dostęp online:http://lrc.tdmu.edu.vn/opac/search/detail.asp?aID=2&ID=28507
Etykiety: Dodaj etykietę
Nie ma etykietki, Dołącz pierwszą etykiete!
Thư viện lưu trữ: Trung tâm Học liệu Trường Đại học Thủ Dầu Một
LEADER 00970nam a2200205Ia 4500
001 TDMU_28507
008 210410s9999 xx 000 0 und d
082 |a 650.12 
090 |b NG527 
100 |a Nguyễn, Thị Thu Thủy 
245 0 |a Điểm nhìn & ngôn ngữ trong truyện kể 
245 0 |c Nguyễn Thị Thu Thủy 
260 |a H. 
260 |b Đại học Quốc gia Hà Nội 
260 |c 2016 
300 |a 367tr. 
520 |a Giới thiệu lí thuyết về điểm nhìn. Tìm hiểu về điểm nhìn và các phương thức kể chuyện cũng như điểm nhìn trong thoại dẫn trực tiếp và gián tiếp. 
650 |a Nghiên cứu văn học  |v Truyện kể  |z Việt Nam; Ngôn ngữ học  |x Nghiên cứu 
856 |u http://lrc.tdmu.edu.vn/opac/search/detail.asp?aID=2&ID=28507 
980 |a Trung tâm Học liệu Trường Đại học Thủ Dầu Một